000 00423nam a22001697a 4500
003 MACL
005 20151223173236.0
008 151223b xxu||||| |||| 00| 0 eng d
040 _cMACL
041 _aEnglish
082 _a821/RAV
100 _aRaveendran,P.P.
_922633
245 _aThe Cat is My Grief Today and Other Poems
260 _aNew Delhi
_bSahitya Akademi
_c2009
650 _aPoetry
_922634
942 _2ddc
_cBK
999 _c51798
_d51798